| 000 | 00535nam a2200169 i 4500 | ||
|---|---|---|---|
| 001 | 30824 | ||
| 003 | ES-MaACL | ||
| 005 | 20230906154247.0 | ||
| 008 | 030127s1934 sp |||| | spa d | ||
| 100 | 1 |
_aBayón, David. _926706 |
|
| 245 | 1 | 0 |
_aDel hacer escolar _b: el método de proyectos : realizaciones / _cDavid Bayón y Ángel Ledesma. |
| 260 |
_aMadrid : _bEscuelas de España, _c1934. |
||
| 300 |
_a155 p. ; _c23 cm. |
||
| 650 | 4 |
_aMétodo de proyectos. _9170910 |
|
| 700 | 1 |
_aLedesma, Angel. _971142 |
|
| 852 |
_aES-MaACL _jA-3823 |
||
| 999 |
_c30824 _d30824 |
||